Полярографическое исследование кинетики гидролиза эфиров азотной кислоты. 1. Гидролиз а-нитратоизомасляной кислоты: отдельный оттиск

書目詳細資料
主要作者: Русакова М. С.
其他作者: Уставщиков Б. Ф., Турьян Я. И.
語言:俄语
出版: Москва, [Б. и.], 1964
叢編:Кинетика и катализ Т. 5, № 3
主題:
格式: MixedMaterials 圖書
KOHA link:https://koha.lib.tpu.ru/cgi-bin/koha/opac-detail.pl?biblionumber=335328

MARC

LEADER 00000nam0a2200000 4500
001 335328
005 20231102004737.0
035 |a (RuTPU)RU\TPU\book\361693 
090 |a 335328 
100 |a 20170920d1964 k y0rusy50 ca 
101 0 |a rus 
102 |a RU 
105 |a a z 001zy 
200 1 |a Полярографическое исследование кинетики гидролиза эфиров азотной кислоты. 1. Гидролиз а-нитратоизомасляной кислоты  |e отдельный оттиск  |f М. С. Русакова, Б. Ф. Уставщиков, Я. И. Турьян 
210 |a Москва  |c [Б. и.]  |d 1964 
215 |a 4 с.  |c ил. 
225 1 |a Кинетика и катализ  |v Т. 5, № 3 
320 |a Библиогр. в конце ст. 
606 1 |a Химическая кинетика  |2 stltpush  |3 (RuTPU)RU\TPU\subj\68947  |9 84004 
610 1 |a полярографические исследования 
610 1 |a гидролиз 
610 1 |a азотная кислота 
610 1 |a эфиры 
610 1 |a библиотека А. Г. Стромберга 
675 |a 544.42  |v 4 
700 1 |a Русакова  |b М. С. 
701 1 |a Уставщиков  |b Б. Ф. 
701 1 |a Турьян  |b Я. И. 
801 1 |a RU  |b 63413507  |c 20170920 
801 2 |a RU  |b 63413507  |c 20171023  |g RCR 
942 |c BK